000 00939nmc a2200289 a 4500
003 AR-BaBNM
005 20251128211430.0
008 144020s1994 ||||||||||||||000 | spa||
020 _a950-721-034-2
040 _cAR-BaBNM
100 1 _aPostigo de Caffe, Clemencia E.
245 1 0 _aEl fracaso escolar y sus representaciones en una institución educativa
260 _aSan Salvador de Jujuy
_bUniversidad Nacional de Jujuy
_c1994
300 _a114 p.
490 0 _aArte-Ciencia. Educación y Tecnología
500 _aContiene anexo con datos estadísticos
504 _aContiene referencias bibliográficas p. 111-114
650 4 _aRESULTADOS DE INVESTIGACION
651 4 _aJujuy
653 _aFRACASO ESCOLAR
653 _aINSTITUCIONES EDUCATIVAS
653 _aREPRESENTACIONES SOCIALES
653 _aESTADISTICAS EDUCATIVAS
700 1 _aAguirre Champeau, María Elena
_ediseño
942 _cBK
998 _craquel
999 _c19667
_d19667